000 00469nam a2200181Ia 4500
001 26194
003 IN-NITTTR
005 20251114233330.0
008 251113s9999||||xx |||||||||||||| ||eng||
040 _beng
040 _cIN-NITTTR
041 _aeng
082 _a577.14 G82
100 _aSanghi, Rashmi
245 0 _aGreen chemistry :
_b environment friendly alternatives /
_cSanghi, Rashmi, Srivastava, M. M.
700 _a Srivastava, M. M.
942 _2ddc
_cBK
999 _c28823
_d28823